00588 a2200169 4500999001900000001000600019003000500025082001500030100002700045245009400072260003300166300001500199500001800214505005600232942003400288952009600322 c325567d32556790494NUST a303.49 FRI aFriedman Gerorge99872 aNext 100 Years :A forecast for the 21st centurybA forecast for the 21st centuryhEnglish aNew YorkbAnchor Booksc2009 axxi, 253p. aGeneral Books tThe Next 100 Years :A forecast for the 21st century aCAE NUSTcBKk303.49 FRI2ddc 001040708NFICaCAEbCAEd2017-04-03l0o303.49 FRIpCAE87883r2017-04-05w2017-04-05yBK